| 000 | 02529nam a2200325Ia 4500 | ||
|---|---|---|---|
| 005 | 20170131140430.0 | ||
| 008 | 130821s1786 enkb fr eng d | ||
| 040 |
_aCo-BoUCM _bspa _cSandra Yazo (modificó) _dSandra Yazo (modificó) |
||
| 041 | 0 | _aeng | |
| 082 | 0 | 4 |
_a909.7 _220 |
| 092 | _aE05N071 | ||
| 100 | 1 |
_aAndrews, John _d1736-1809 _983706 |
|
| 242 | 0 | 0 |
_aHistoria de la guerra con Estados Unidos, Francia, España y Holanda _bque comenzó en 1775 y terminó en 1783 _cpor John Andrews _yspa |
| 245 | 1 | 0 |
_aHistory of the war with America, France, Spain and Holland _bCommencing 1775 and ending in 1783 _cby John Andrews |
| 260 |
_aLondon [Londres] (Inglaterra) _bPublished by His Majestys Royal Licence and Authority for John Fielding [Publicado con licencia y autorización de su majestad real por John Fielding] _c1786 |
||
| 300 |
_a416, [60] páginas _bmapas _c12 x 14 cm. |
||
| 500 | _aDetalles físicos (V.4): Encuadernación rígida (holandesa) cartón forrado en papel, lomo y esquinas de cuero, rotas y deterioradas. Conserva las guardas parcialmente, rotas y rayadas. Portada impresa en una sola tinta con un grabado decorativo, al verso rayada y desprendida. Texto impreso en una sola columna con varios tipos y tamaños de letra. 3 mapas a color en hoja plegables, pág. 113, 217 y 415. Signaturas y reclamos. Hojas con bordes irregulares. Varios tipos de papeles. Páginas 111, 165 y 167 rotas, 181 con restauraciones anteriores. Papel con notoria humedad y manchas de oxidación de tintas. Ejemplar en regular estado de conservación | ||
| 500 | _aColección incompleta | ||
| 505 | 2 | _aV.4 Capítulo 52 – 81: Neutralidad armada - Comportamiento de Holanda ; Triunfo del Almirante Rodney, 1780 ; Independencia de los Estados Unidos reconocido por Holanda ; Transacciones en América ; Buques perdidos en el mar, 1782 ; Guerra tardía ; Debates parlamentarios sobre el tratado de paz, 1782-1783 | |
| 506 | _aConsulta en sala | ||
| 546 | _aTexto en inglés | ||
| 650 | 7 |
_aGuerra _xObras anteriores a 1800 _y1775-1783 _9370 _zEuropa _zAmerica |
|
| 651 | 4 |
_aEstados Unidos _xHistoria _y1775-1783 _xObras anteriores a 1800 _97595 |
|
| 651 | 4 |
_aFrancia _xHistoria _xObras anteriores a 1800 _926969 |
|
| 651 | 4 |
_aHolanda _xHistoria _xObras anteriores a 1800 _927006 |
|
| 651 | 7 |
_aGran Bretaña _xObras anteriores a 1800 _926626 _y1775-1783 |
|
| 690 |
_aHistoria _97695 |
||
| 856 | 4 | 1 |
_uhttps://archive.org/details/historywarwitha02andrgoog _zDisponible en línea V.4 |
| 942 |
_cLIBRO _a21 _e1 _2LOCAL _hE05N071 |
||
| 999 |
_c70160 _d70160 |
||